000 00917cam a22003017i 4500
999 _c13809
_d13809
020 _a9781484710807
020 _a1484710800
050 0 0 _aPZ7.R2954
082 0 4 _aFic. R424g 2014
_223
100 1 _aRenzetti, Robert,
245 1 0 _aGravity falls
_bDipper's and Mabel's guide to mystery and nonstop fun! /
_cwritten by Dipper Pines and Mabel Pines (with help from Rob Renzetti and Shane Houghton).
250 _aFirst Edition.
260 _aCalifornia
_bDisney Press
_cc2014
300 _a160 pages :
_bcolor illustrations ;
_c22 cm
337 _aunmediated
_bn
490 _aGravity falls
526 _aFICTION
650 0 _aImaginary places
650 0 _aSiblings
650 1 _aImaginary places
650 1 _aSiblings
650 1 _aHumorous stories.
650 7 _aBrothers and sisters.
650 7 _aImaginary places.
700 1 _aHoughton, Shane,
700 1 _aHirsch, Alex,
942 _2ddc
_cBK